Návrh koncepcie stratégie v spoločnosti VUJE, a.s. prostredníctvom stratégie CSR

Gespeichert in:
Bibliographische Detailangaben
1. Verfasser: Miksádová, Ľubica, 1978- (Verfasst von)
Weitere Verfasser: Sakál, Peter, 1951- (Betreuung Doktorarbeit)
Format: Manuskript Buch
Sprache:Slowakisch
Veröffentlicht: STU v Bratislave MTF UPMK, 2010
Schlagworte:
Online-Zugang:VAIS
Tags: Tag hinzufügen
Keine Tags, Fügen Sie das erste Tag hinzu!

MARC

LEADER 00000ntm a22000003a 4500
001 stu206386
005 20160719160307.6
008 100703s2010------------------------slo-d
040 |a STU  |b slo 
041 0 |a slo 
100 1 |a Miksádová, Ľubica,  |d 1978-  |4 aut  |X 33569  |7 A000033569 
242 0 0 |a Project of strategy conception in company VUJE, ltd. by means of CSR strategy  |y eng 
245 1 |a Návrh koncepcie stratégie v spoločnosti VUJE, a.s. prostredníctvom stratégie CSR 
260 |b STU v Bratislave MTF UPMK,  |c 2010 
650 7 |a strategic management  |2 estusub 
650 7 |a sustainable development  |2 estusub 
700 1 |a Sakál, Peter,  |d 1951-  |4 ths  |u M4000  |U MTF Materiálovotechnologická fakulta  |T MTF Ústav priemyselného inžinierstva a manažmentu  |X 325  |U M4000  |Y 84  |7 A000000325 
856 4 |a info a plný text  |u http://is.stuba.sk/zp/portal_zp.pl?podrobnosti=58391  |3 VAIS 
996 |c M*DP-9427  |l MMSKP  |s P  |a 0  |w stu206386_0001